00833nam a2200229 i 450000100060000000300090000600500170001500700030003200800410003508000360007608000170011224500760012926000670020530000200027249000480029260000560034065100250039670000440042171000700046583000480053585200200058361019ES-MaACL20231228203843.0t|031110m19831986ag |||| |dspa d a929 Sánchez-Albornoz, Claudio a946.0(082.2)00aEstudios en homenaje a Don Claudio Sánchez Albornoz en sus 90 años. aBuenos Aires : bInstituto de Historia de España, c1983-86. a4 v. ; c26 cm.1 aAnexos de Cuadernos de historia de España04aSánchez-Albornoz, Claudio,d1893-1984-vHomenajes 4aEspaña-xHistoria.1 aSánchez-Albornoz, Claudio,d1893-19842 aUniversidad de Buenos Aires. bInstituto de Historia de España.1 aAnexos de Cuadernos de historia de España aES-MaACLjP-367